Charithram mattimaricha prasangangal(ചരിത്രം മാറ്റിമറിച്ച പ്രസംഗങ്ങൾ) (Record no. 115362)

MARC details
000 -LEADER
fixed length control field 00396 a2200121 4500
005 - DATE AND TIME OF LATEST TRANSACTION
control field 20260303154358.0
008 - FIXED-LENGTH DATA ELEMENTS--GENERAL INFORMATION
fixed length control field 260303b |||||||| |||| 00| 0 eng d
020 ## - INTERNATIONAL STANDARD BOOK NUMBER
International Standard Book Number 9789354324338
100 ## - MAIN ENTRY--PERSONAL NAME
Personal name Alexander Jacob
245 ## - TITLE STATEMENT
Title Charithram mattimaricha prasangangal(ചരിത്രം മാറ്റിമറിച്ച പ്രസംഗങ്ങൾ)
260 ## - PUBLICATION, DISTRIBUTION, ETC. (IMPRINT)
Name of publisher, distributor, etc D C books
Date of publication, distribution, etc 2025
942 ## - ADDED ENTRY ELEMENTS (KOHA)
item type Under processing
Holdings
Lost status Not for loan Home library Current library Date acquired Cost, normal purchase price Total Checkouts Barcode Date last seen Cost, replacement price Price effective from Koha item type
    University Library University Library 03/03/2026 366.69   00097444 03/03/2026 550.00 03/03/2026 Under processing
University Library, CUSAT